000 00614nam a2200181Ia 4500
005 20250508160454.0
008 008 250505s9999 xx 000 0 eng d
037 _aBooks to be hide in OPAC
040 _aFEDL
_beng
_cFEDL
041 _aeng
_2eng
084 _a507, MUR/O
_qFEDL
245 0 _aScience in sexth-form general education : A section of part 2 of the science and education report issued by the association for science education
260 _aLondon, UK
_bJohn Murray
_c1963
300 _a61p
490 _aScience and eduction
942 _cHB
_h507, MUR/O
999 _c1364811
_d1364811